000 01163 a2200241 4500
001 40496
005 20260407155700.0
008 260407a2016 arg spa d
003 AR-UNSa-BCEJYS
040 _aAR-UNSa-BCEJYS
_bspa
_cAR-UNSa-BCEJYS
080 _a347.72
_xSociedades comerciales
245 1 0 _aSociedades
_psegún las reformas de la Ley 26.994
020 _a978-987-706-100-0
264 1 _aBuenos Aires :
_bAstrea
_c2016
300 _axxxi, 469 p.
_c23 cm.
505 _a1. Introducción - 2. Elementos y constitución de las sociedades - 3. El socio - 4. Órganos, administración y contabilidad - 5. Vicisitudes y extinción - 6. Sociedades constituidas en el extranjero - 7. Sociedades de personas - 8. Sociedad de responsabilidad limitada - 9. Sociedad anónima - 10. Otros tipos y formas societarias - 11. Grupos, reorganización societaria y contratos asociativos - 12. Sociedad civil
041 _aspa
942 _cBK
590 _aniveau_biblio:m niveau_hierar:0
100 1 _aGebhardt, Marcelo
700 1 _aRomero, Miguel Álvaro
856 4 1 _uhttps://biblioeco.unsa.edu.ar/pmb/images/libros/L126058.jpg
_yImagen de portada
_qimage/jpeg
999 _c3241
_d3241